Statistics for Complete These Country Facts

Click here to take the quiz!

General Stats

  • This quiz has been taken 136 times
  • The average score is 27 of 42

Answer Stats

Answer% Correct
France
97%
Ottawa
97%
Turkey
97%
Dollar
96%
Dollar
96%
Dollar
96%
China
91%
Euro
90%
Toronto
90%
United States
90%
Ankara
88%
New York City
84%
Paris
84%
Washington
84%
Donald Trump
83%
Beijing
81%
Missouri River
78%
Australia
77%
Sydney
73%
Canberra
72%
Emmanuel Macron
70%
Justin Trudeau
66%
Loire
61%
Brazil
60%
Guangzhou
59%
Brasília
57%
Emu
57%
Amazon
53%
São Paulo
52%
Giant Panda
50%
Recep Tayyip Erdoğan
50%
Beaver
45%
Lira
44%
Xi Jinping
41%
Renminbi
39%
Murray
35%
Mackenzie
29%
Gallic Rooster
21%
Euphrates
14%
Michel Temer
11%
Gray Wolf
10%
Jaguar
4%

Score Distribution

Percentile by Number Answered

Percent of People with Each Score

Your Score History

You have not taken this quiz